Tilastot visalle Euroopan suurimmat kaupungit eri vuosisadoilla

Klikkaa tästä pelataksesi tätä visaa!

Yleistilastot

  • Tätä visaa on pelattu 23 kertaa
  • Keskiarvotulos 16 / 38

Vastaustilastot

# VuosisadatKaupunki% Oikein
3Moskova
100%
8Pariisi
100%
1Rooma
100%
2Berliini
95%
5Lontoo
95%
2Pietari
89%
2Amsterdam
79%
2Kiova
79%
9Konstantinopoli
79%
7Milano
79%
2Wien
79%
3Lissabon
68%
4Napoli
68%
1Manchester
63%
1Praha
63%
1Lyon
58%
8Venetsia
58%
1Birmingham
47%
1Firenze
47%
2Köln
47%
1Liverpool
42%
1Glasgow
32%
5Sevilla
26%
2Genova
11%
3Palermo
11%
3Córdoba
5%
1Rouen
5%
2Thessaloniki
5%
1Amalfi
0%
2Brugge
0%
1Caffa
0%
2Gent
0%
5Granada
0%
2Hadrianopolis
0%
1Ohrid
0%
1Regensburg
0%
1Salerno
0%
1Sarai
0%

Tulosjakauma

Persentiili vastausten määrän mukaan

Jokaisen tuloksen saaneiden osuus

Tuloshistoriasi

Et ole pelannut tätä visaa